| 000 | 00503nam a2200181Ia 4500 | ||
|---|---|---|---|
| 003 | GCL | ||
| 008 | 140319s9999 xx 000 0 eng d | ||
| 040 |
_aGCL / _cGCL |
||
| 082 | 0 | 4 |
_a005.3 _bN U |
| 100 | 1 | _aNOSSIKR, JOSHUA | |
| 245 | 1 | 0 |
_aUSING WORLD PERFECT 6.1 FOR WINDOWS: THE USER - FRIENDLY REFERENCE / _cNOSSIKR, JOSHUA |
| 260 |
_a[S.N] : _bQUE CORPORATION ، _c1995 |
||
| 300 | _a406 P | ||
| 650 | 0 | 4 | _aشعر الحرب |
| 650 | 0 | 4 | _aPROGRAMMING |
| 650 | 0 | 4 | _aWORD PERFECT |
| 942 |
_2ddc _cBK |
||
| 999 |
_c10680 _d10680 |
||